000 00326 a2200109 4500
001 ART_31294
005 20260410161840.0
008 260409a
245 1 0 _aResponsabilidad penal de los funcionarios públicos
100 1 _aStortoni, Gabriela A.
773 0 _tRAP
_g- Año 36, Nº 427 (abr. 2014)
_wREV5941
999 _c24027
_d24027